| 000 | 00438nam a22001337a 4500 | ||
|---|---|---|---|
| 008 | 131013b xxu||||| |||| 00| 0 eng d | ||
| 020 | _a8-1803-8166-8 | ||
| 082 |
_a347 BHA _b BHA |
||
| 100 | _aBhandari, M.C. | ||
| 245 |
_aPractical approach to deeds and documents : along with exhausitive model forms _cAlong with exhausitive model forms. |
||
| 260 |
_aNew Delhi _bAshoka law house _c2012. |
||
| 300 |
_axxiv,684P. _c22cm. |
||
| 942 |
_2ddc _cBK |
||
| 999 |
_c5762 _d5762 |
||